000 00701nam a2200229Ii 4500
003 JO-AjNU
008 230605s9999||||xx |||||||||||||| ||und||
017 _a2009/6/3564
020 _a978-9957-22-309-0
040 _aJO-AjNU
_bara
_erda
_cJO-AjNU
041 _aara
050 1 4 _aQA28.D3622 2010
100 3 _aتايف دعنا، عدنان,
_eauthor
_960068
245 0 0 _aمعجم علماء الرياضيات
250 _aط1
264 3 1 _aعمان: دار اسامة للنشر والتوزيع، 2010
300 _a351ص
336 _atext
_btxt
_2rdacontent
337 _aunmediated
_bn
_2rdamedia
338 _avolume
_bnc
_2rdacarrier
650 4 _aالرياضات- معجم
_960069
999 _aA27065
_c30633
_d30633